Responsibilities to future generations : environmental ethics /

Bibliographic Details
Other Authors: Partridge, Ernest
Format: Book
Language:English
Published: Buffalo, N.Y. : Prometheus Books, 1981
Subjects:

MARC

Tag First Indicator Second Indicator Subfields
LEADER 00000cam a2200000 a 4500
001 in00000081283
005 20151008061018.0
008 810820c19811980nyua b 00000 eng
010 |a  80084401  
020 |a 0879751428 
035 |a (OCoLC)07496456 
035 |9 AAJ7103AM 
039 0 |a 2  |b 3  |c 3  |d 3  |e 3 
040 |a DLC  |c DLC  |d TXA  |d UtOrBLW 
049 |a TXAM  |c [1561255] 
050 0 0 |a GF80  |b .R47 
082 0 |a 304.2  |2 19 
245 0 0 |a Responsibilities to future generations :  |b environmental ethics /  |c edited by Ernest Partridge. 
264 1 |a Buffalo, N.Y. :  |b Prometheus Books,  |c 1981 
264 4 |c ©1980 
300 |a xiv, 319 pages :  |b illustrations ;  |c 24 cm. 
336 |a text  |b txt  |2 rdacontent 
337 |a unmediated  |b n  |2 rdamedia 
338 |a volume  |b nc  |2 rdacarrier 
504 |a Bibliography: pages 309-315. 
650 0 |a Conservation of natural resources  |x Moral and ethical aspects. 
650 0 |a Environmental ethics. 
700 1 |a Partridge, Ernest. 
999 |a MARS 
999 f f |s 18d0100f-e5d0-3fe3-9ee2-f7e1ef68e973  |i eea931f2-1541-374e-b0e2-65066a0f18ab  |t 0 
952 f f |p ric  |a Texas A&M University  |b Rellis Campus  |c Joint Library Facility  |d Remote Storage  |t 0  |e GF80 .R47  |h Library of Congress classification  |i unmediated -- volume  |m A14806113816 
998 f f |a GF80 .R47  |t 0  |l Remote Storage